000 00326nam a2200121Ia 4500
008 220217s9999||||xx |||||||||||||| ||und||
082 _a004.165 MOR
100 _aMorton, Todd, D
245 0 _aEmbedded Microcontrollers
260 _aPearson education of asia
_bNew Delhi
_c2005
300 _b0
650 _aMICROPROCESSOR
999 _c174715
_d174715